| 000 | 00664nam a2200217Ia 4500 | ||
|---|---|---|---|
| 001 | 8999 | ||
| 003 | GE_BSU | ||
| 008 | 181216s||||||||xx |||||||||||||| ||und|| | ||
| 040 | _cGE_BSU | ||
| 080 | _a821.353.1–1 | ||
| 100 | _aკახიძე,მედეა | ||
| 245 | _aლექსები | ||
| 245 | _cრედ.რ.სირაძე.მხატვ.დ.დუნდუა | ||
| 260 | _aთბილისი | ||
| 260 | _bსაბჭოთა საქართველო | ||
| 260 | _c1984 | ||
| 300 | _a152გვ.16სმ. | ||
| 300 | _bპორტრეტი გარეკანზე | ||
| 653 | _aლექსები | ||
| 942 | _cBK | ||
| 999 |
_c42304 _d42304 |
||